000 00557nam a2200193Ia 4500
005 20250508164222.0
008 008 250505s9999 xx 000 0 eng d
037 _aReference
040 _aFEDL
_beng
_cFEDL
041 _aeng
_2eng
084 _a510, NCE
_qFEDL
100 _aGupta V P
245 0 _aLet's learn mathematice: Book 4 for class 4th
245 0 _cNCERT
260 _aNew Delhi, India
_bNational Council of Educationcal Research and Training
_c2003
300 _a216p.
942 _cREF
_h510, NCE
999 _c1387622
_d1387622